000 00604nam a2200217 i 4500
001 bg
100 1 _aBŁAWAT, Franciszek.
245 1 0 _aAnaliza ekonomiczna /
_cFranciszek Bławat.
260 _aGdańsk :
_bPolitechnika Gdańska. Wydaw.,
_c1999.
300 _a180 s. :
_b2 wykr. ;
_c24 cm.
504 _aBibliogr s. 179-180.
650 9 _aPrzedsiębiorstwo
_xekonomika
_xbadanie
_xmetody
655 _aPodręczniki
020 _a8388007009
040 _cBPK
041 0 _apl
080 _a658.1/.5.003(07)
920 _a83-88007-00-9
942 _cKS
008 s pl f |000 0 pol
999 _c38425
_d38425
856 _uhttp://koha.tu.koszalin.pl/cgi-bin/koha/opac-detail.pl?biblionumber=38425
_yKatalog online BPK